01374nam a22002777a 45000010005000000030006000050050017000110080041000280200018000690400029000870820010001161000022001262450066001482500036002142600037002503000047002874900055003345050008003895200518003975210028009155210019009436500028009626500046009906500019010366500041010559180FISKH20251127105505.0251127b cb ||||| |||| 00| 0 eng d a9788184851038 aFISKHbengcFISKHdFISKH a823.8 aKipling, Rudyard  aStories from the jungle book /cRetold by Bani Roy Choudhury  aThis edition published in 2012  aNew Delhi : bLearners, c2007.  a80 pages : bcolor illustrations ; c22 cm aGraded readers - 1250 Plus headwords : vLevel 2  aQ  aFour short stories are included in this volume of Kipling works, they are (1) MOWGLI'S BROTHERS- Mowgli, a small boy, is found orphaned in the jungle by wolves and raised by them. (2) KAA'S HUNTING - Mowgli is kidnapped by the Bandar-log (monkeys) and rescued by Kaa, a python. (3) THE WHITE SEAL - The community of seals believe a great white seal will come, and deliver them from the wrath of the seal hunters. (4) RIKKI TIKKI TAVI - A young mongoose defends his human family against a pair of marauding cobras.8 a660 bLexile estimate 8 aQ bRaz-Plus  aJungle animalsvFiction aAdventure storiesvChildren's literature. aBoys vFiction a Human-animal relationshipsvFiction